000 00646nam a22002057a 4500
999 _c18486
_d18486
003 AR-CdUCM
008 190514b ||||| |||| 00| 0 spa d
040 _aMUNICIPALIDAD PROVINCIAL DEL CUSCO
_cBIBLIOTECA MUNICIPAL DEL CUSCO
082 _22ed.
_a863 /
_bV19
100 _aValera, Juan
_97796
245 _aGenio y figura :
_bnovela /
260 _aBuenos Aires :
_bSopena Argentina,
_c1944.
300 _a127 páginas ;
_c23 cm.
440 _aBiblioteca mundial sopena ;
_910296
505 _aContenido: Novela
650 _aLiteratura Argentina
_984
650 _aNovelas argentinas
_99625
942 _2ddc
_cLIBROS
945 _aacv
_d2019-05-14